| 000 | 00562nmm a2200193Ia 4500 | ||
|---|---|---|---|
| 008 | 251105s9999||||xx |||||||||||||||||und|| | ||
| 020 | _a9788469064801 | ||
| 041 | _aspa | ||
| 100 | _aSemir, Vladimir de | ||
| 245 | 0 | _aÉtica de la comunicación médica | |
| 264 |
_a[Madrid, España] : _bFundació Víctor Grífols i Lucas, _c2002 |
||
| 300 | _a98 páginas | ||
| 650 | _aMedicine | ||
| 700 | _aSemir, Vladimir de | ||
| 700 | 1 | _a Vilardell, Miquel | |
| 700 | 1 | _a Revuelta, Gemma | |
| 856 | _uhttps://public.digitaliapublishing.com/a/24314 | ||
| 942 | _cCF | ||
| 999 |
_c71306 _d71306 |
||